Logo BPK

Biblioteka

Politechniki Koszalińskiej

Ekonomiczne problemy transformacji sektorowej gospodarki / (Rekord nr 33174)

Szczegóły MARC
000 -ETYKIETA REKORDU
podpole kontrolne o stałej długości 01231nam a2200241 i 4500
001 - NUMER KONTROLNY REKORDU
pole kontrolne bg
040 ## - ŹRÓDŁO KATALOGOWANIA
Instytucja, która utworzyła rekord BPK
041 0# - KOD JĘZYKA
Kod języka tekstu pl
080 ## - UNIWERSALNA KLASYFIKACJA DZIESIĘTNA - UKD
UKD 338.22(438)"1989/..."
008 - POLE O STAŁEJ DŁUGOŚCI - DANE KONTROLNE
podpole kontrolne o stałej długości s pl f |000 0 pol
245 00 - TYTUŁ/ODPOWIEDZIALNOŚĆ
Tytuł Ekonomiczne problemy transformacji sektorowej gospodarki /
Pozostałe elementy strefy tytułu i oznaczenia odpowiedzialności [red. nauk. Jan Szczygielski].
246 11 - WARIANT TYTUŁU
Tytuł Problems of transformation in sectors of economy
260 ## - STREFA ADRESU WYDAWNICZEGO
Miejsce wydania Wrocław :
Nazwa wydawcy/dystrybutora Oficyna Wydawnicza PW,
Data publikacji, dystrybucji/powstania dokumentu 1997.
300 ## - STREFA OPISU FIZYCZNEGO
Objętość 139, [2] s. :
Inne cechy fizyczne 1 mapa, wykr. ;
Rozmiary 24 cm.
490 1# - STREFA SERII I DOKUMENTU WIELOCZĘŚCIOWEGO - FORMA NIE DO WYSZUKIWANIA
Tytuł i oznaczenie odpowiedzialności serii Prace Naukowe Instytutu Nauk Ekonomiczno-Społecznych Politechniki Wrocławskiej. Studia i Materiały =
-- Scientific Papers of the Institute of Economic and Social Sciences of the Wrocław University of Technology. Studies and Research,
ISSN 0239-3212 ;
Numeracja w obrębie serii 20
500 ## - UWAGI OGÓLNE
Tekst uwagi Tyt. równol. : Problems of transformation in sectors of economy. - Numeracja w serii gł. : 55.
504 ## - UWAGA DOTYCZĄCA BIBLIOGRAFII
Informacje o bibliografii Bibliogr. przy pracach.
651 #9 - HASŁO PRZEDMIOTOWE W FORMIE NAZWY GEOGRAFICZNEJ
Nazwa geograficzna Polska
Określnik ogólny gospodarka
Określnik chronologiczny od 1989 r.
700 1# - HASŁO DODATKOWE - NAZWA OSOBOWA
Nazwa osobowa SZCZYGIELSKI, Jan.
Określenie związku między hasłem a opisywanym materiałem rd
710 #0 - HASŁO DODATKOWE - NAZWA CIAŁA ZBIOROWEGO
Nazwa ciała zbiorowego lub jednostki geograficznej POLITECHNIKA WROCŁAWSKA (Wrocław)
Nazwa jednostki podrzędnej Instytut Nauk Ekonomiczno-Społecznych
830 #0 - HASŁO DODATKOWE SERII LUB DOKUMENTU WIELOCZĘŚCIOWEGO - TYTUŁ UJEDNOLICONY
Tytuł ujednolicony Prace Naukowe Instytutu Nauk Ekonomiczno-Społecznych Politechniki Wrocławskiej.
Nazwa części/sekcji dzieła Studia i Materiały ;
Oznaczenie tomu 20
856 ## - LOKALIZACJA I DOSTĘP DO ELEKTRONICZNYCH DOKUMENTÓW ZDALNYCH
Link (URL) http://koha.tu.koszalin.pl/cgi-bin/koha/opac-detail.pl?biblionumber=33174
Tekst linku Katalog online BPK
942 ## - DODATKOWE ELEMENTY (KOHA)
Typ dokumentu Książka
Egzemplarze
Wycofany Status egzemplarza Uszkodzony Dostępność Lokalizacja stała Lokalizacja bieżąca Miejsce przechowywania Sygnatura Kod kreskowy Typ dokumentu
      Dostępny Biblioteka Politechniki Koszalińskiej Biblioteka Politechniki Koszalińskiej Wypożyczalnia BG 43009 01329650 Książka
© 2023 Biblioteka Politechniki Koszalińskiej :: KOHA